02128nam a2200409 a 4500001001000000003000900010005001700019007000300036008004100039020001800080040002500098082002400123100007300147245021200220260003800432300002800470490001600498500005600514504003300570590002600603650006400629650007300693650006800766650008000834650006800914650003100982651004601013700003201059830002301091910003801114942001401152952013601166952013601302952013401438952013101572999001501703000003188DO-SdBNP20241015091655.0ta090707s2009 dr a 001 0 spa d a9789993495376 aDO-SdBNPbspacBNPHU a346.0682bG993m2221 aGuzmán A., Fabio J.q(Fabio José Guzmán Ariza), d1949-93089610aModelos para la práctica societaria :bformulario de la ley general de sociedades comerciales y empresas individuales de responsabilidad limitada nº 479-08 /cFabio J. Guzmán Ariza, José Luis Taveras. aSanto Domingo :bJudicial,c2009. a418 p. :bil. ;c23 cm.1 aFormularios aIncluye bibliografía y notas al pie de páginas. aBibliografía : p. 417-418. aInventariado, 2018/LP 4aCompañíasxLegislaciónzRepública Dominicana910073 4aSociedades comercialesxLegislaciónzRepública Dominicana910074 4aEmpresas privadasxLegislaciónzRepública Dominicana910075 4aSociedades comercialesxFormalidades legaleszRepública Dominicana910076 4aDerecho comercialxLegislaciónzRepública Dominicana910077 4aFormularios legales910078 4aRepública DominicanaxLey 479-089100791 aTaveras, José Luis910080 0aFormularios910081 aValidado. Control de calidad EMS. 2ddccLBS1 00102ddc758DSaBNPHUbBNPHUcHDd2009-07-07eDonadol0oBNPHU DS 346.0682 G993mp3188-30r2020-06-25te.3w2020-06-25yLBS1zS/A 00102ddc758DSaBNPHUbBNPHUcHDd2013-06-19eDonadol0oBNPHU DS 346.0682 G993mp3188-40r2020-06-25te.4w2020-06-25yLBS1zS/A 00102ddc53708PDaBNPHUbBNPHUcHDd2009-07-07eDonadol0oBNPHU PD 346.0682 G993mp3188-10r2020-06-25w2020-06-25yLBS1zS/A 00102ddc53708PDaBNPHUbBNPHUcHDd2009-07-07eDonadol0o346.0682 G993mp3188-20r2020-06-25te. 2w2020-06-25yLBS1zS/A c3019d3019